000 00551nam a2200157Ia 4500
008 230921s9999||||xx |||||||||||||| ||und||
020 _a978-3-319-96619-9
041 _aEN
100 _aIrina Grigoryeva, Lyudmila Vidiasova, Alexandra Dmitrieva, Olga Sergeyeva
245 0 _aElderly Population in Modern Russia
250 _a1st ed. 2019
260 _c2019
_bSpringer International Publishing
856 _uhttps://doi.org/10.1007/978-3-319-96619-9
856 _uhttps://link.springer.com/openurl?genre=book&isbn=978-3-319-96619-9
942 _cEB
999 _c256624
_d256624